000 00577nam a2200241Ia 4500
001 12545
003 GE_BSU
008 181216s||||||||xx |||||||||||||| ||und||
020 _a9782011555168
040 _cGE_BSU
080 _a811.133.1
100 _aDollez,Catherine, Pons,Sylvie
245 _aAlter Ego. Methode de Frangais. B2. 4
260 _aParis
260 _bHachette
260 _c2007
300 _a192p.29cm.ill.
300 _eCD
541 _h74Gel.
653 _aAlter Ego. Methode de Frangais
653 _aგრამატიკა
942 _cBK
999 _c45718
_d45718